LEADER 00947nam0-22003251i-450- 001 990002568700403321 005 20100211100221.0 035 $a000256870 035 $aFED01000256870 035 $a(Aleph)000256870FED01 035 $a000256870 100 $a20030910d1960----km-y0itay50------ba 101 0 $aeng 200 1 $aMathematical methods for digital computers$fAnthony Ralston, Herbert S. Wilf 210 $aNew York$cWiley$d1960 215 $aXI, 290 p.$d27 cm 610 0 $aMetodi computazionali 610 0 $aCalcolatori$aProgrammazione 676 $a001 700 1$aRalston,$bAnthony$01681 701 1$aWilf,$bHerbert S.$f<1931- >$012671 801 0$aIT$bUNINA$gRICA$2UNIMARC 901 $aBK 912 $a990002568700403321 952 $a10 P.T. 193$b120 CCE$fDINEL 952 $aMXXI-A-92$b018213$fMAS 959 $aMAS 959 $aDINEL 996 $aMathematical methods for digital computers$9319814 997 $aUNINA LEADER 01240nam a2200349 i 4500 001 991001113999707536 005 20020507183524.0 008 951020s1982 uk ||| | eng 020 $a052128256X 035 $ab1080285x-39ule_inst 035 $aLE01307243$9ExL 040 $aDip.to Matematica$beng 082 0 $a574.5248 084 $aAMS 92D 100 1 $aHoppensteadt, Frank C.$042805 245 10$aMathematical methods of population biology /$cFrank C. Hoppensteadt 260 $aCambridge :$bCambridge University Press,$c1982 300 $aviii, 149 p. ;$c22 cm. 490 0 $aCambridge studies in mathematical biology ;$v4 500 $aBibliography: p. 142-144. 500 $aIncludes indexes 650 4$aBiological models 650 4$aBiometry 650 4$aGenetics and population dynamics 650 4$aPopulation 650 4$aPopulation biology-mathematical models 907 $a.b1080285x$b23-02-17$c28-06-02 912 $a991001113999707536 945 $aLE013 92D HOP11 (1982)$g1$i2013000038100$lle013$o-$pE0.00$q-$rl$s- $t0$u0$v0$w0$x0$y.i10907191$z28-06-02 996 $aMathematical methods of population biology$9753899 997 $aUNISALENTO 998 $ale013$b01-01-95$cm$da $e-$feng$guk $h0$i1